00695cam a22002291 450000100060000000300080000600500170001400800410003103500190007203500190009104000230011004100080013304200120014108200260015310000240017924501300020326000290033330000290036250000300039165000180042170000260043976653BD-RjUL20211209082853.0191230s1947 enka 000 0 eng  a(BD-RjUL)76877 a(OCoLC)1679204 aDLCcFMUdDLCbeng aeng apremarc a358.542223bGID 19471 aGillespie, James J.10aDynamic motion and time study /cby James J. Gillespie, assisted by Charles H. J. Cooper. With an appreciation by R. E. Lane. aLondon,bP. Elekc[1947] a95 p. :billus.;c22 cm. a"Book references": p. 94. 0aJob analysis.1 aCooper, Charles H. J.